| 000 | 00502nam a2200157 i 4500 | ||
|---|---|---|---|
| 001 | 52308 | ||
| 003 | ES-MaACL | ||
| 005 | 20230906162547.0 | ||
| 007 | t| | ||
| 008 | 030827s1939 sp ||||1| spa d | ||
| 100 | 1 |
_aChurruca, Manuela. _938716 |
|
| 245 | 1 | 0 |
_aInflujo oriental en los temas iconográficos de la miniatura española _b: siglos X al XII / _cpor Manuela Churruca. |
| 260 |
_aMadrid : _bEspasa-Calpe, _c1939. |
||
| 300 |
_a152 p., 56 lám. ; _c27 cm. |
||
| 852 |
_aES-MaACL _jF-15046 _bR.18135 |
||
| 999 |
_c52308 _d52308 |
||